| 000 | 00456nam a2200205Ia 4500 | ||
|---|---|---|---|
| 005 | 20250425162650.0 | ||
| 008 | 250425s9999 xx 000 0 und d | ||
| 020 | _a0849331668 | ||
| 041 | _aeng | ||
| 082 | _a572.8 | ||
| 100 | _aLIU, C.L. | ||
| 245 | 0 | _aSTATISTICAL GENOMICS | |
| 250 | _aS.E | ||
| 260 |
_aEstados Unidos _bCRC PRESS _c1998 |
||
| 260 | _aNEW YORK | ||
| 300 | _a611 | ||
| 650 | _aGENOMA ANIMAL | ||
| 942 | _c01 | ||
| 010 | _a95202 | ||
| 999 |
_c233922 _d233922 |
||